O livro imperdível de um engenhoso cavaleiro doido (Record no. 47613)

MARC details
000 -LÍDER
campo de controle de tamanho fixo 00413 a2200157 4500
001 - NÚMERO DE CONTROLE
campo de controle 47613
020 ## - ISBN - INTERNATIONAL STANDARD BOOK NUMBER
ISBN - International Standard Book Number 9788508172122
040 ## - FONTE DA CATALOGAÇÃO
Instituição que transcreveu o registro Anchieta - Aquarius
100 ## - ENTRADA PRINCIPAL--NOME PESSOAL
Nome pessoal Prieto, Heloisa
240 10 - TÍTULO UNIFORME
Título uniforme O livro imperdível de um engenhoso cavaleiro doido
Idioma da obra por
245 10 - TÍTULO
Título O livro imperdível de um engenhoso cavaleiro doido
300 ## - DESCRIÇÃO FÍSICA
Extensão 32 p.
362 0# - DATAS DE PUBLICAÇÃO E/OU DESIGNAÇÃO SEQUENCIAL
Datas de publicação e/ou designação sequencial 2015
650 #4 - ASSUNTO--TERMO TÓPICO
Cabeçalho tópico ou nome geográfico Literatura brasileira
942 ## - ELEMENTOS DE ENTRADA ADICIONADOS (KOHA)
Tipo de material Koha Livros
Holdings
Situação do descarte Situação das perdas Situação física Não pode ser emprestado Biblioteca de origem Biblioteca atual Data de aquisição Total de empréstimos Número de chamada completo Código de barras Data de último acesso Data do preço efetivo Tipo de material Koha
        Colégio Anchieta - Aquarius Colégio Anchieta - Aquarius 21/11/2023   869.93 PRI LIV 6418/AQU 21/11/2023 21/11/2023 Livros
        Leonardo Da Vinci - Alphaville 2 Leonardo Da Vinci - Alphaville 2 27/03/2024   028.5 P949L 2A619 27/03/2024 27/03/2024 Livros